00282nam a2200121Ia 4500008004100000041000900041082001500050100002200065245001800087260004000105300000700145650000800152230718s9999 xx 000 0 und d aEng. a340bLAT-P aLate M. Malik mis 0aP. L.D (2009) aPakistanbAll farcistan Legalc2008 a72 aLaw